Biblioteca y Centro de Documentación

Devaluación salarial en España tras la reforma de 2012 (Registro nro. 45272)

Detalles MARC
000 -CABECERA
Longitud fija campo de control 01092naa a2200289 4500
001 - NÚMERO DE CONTROL
Número de control 45272
003 - IDENTIFICADOR DE NÚMERO DE CONTROL
Identificador del número de control ES-MaCES
005 - FECHA Y HORA DE LA ÚLTIMA TRANSACCIÓN
Fecha y hora de la última transacción 20141024124937.0
008 - CAMPO FIJO DE DESCRIPCIÓN FIJA--INFORMACIÓN GENERAL
Códigos de información de longitud fija   000000s2014 sp ||||| t||||||| ||spa d
040 ## - FUENTE DE CATALOGACIÓN
Centro catalogador de origen ES-MaCES
Lengua de catalogación spa
Centro transcriptor ES-MaCES
100 1# - ENCABEZAMIENTO PRINCIPAL--NOMBRE PERSONAL
9 (RLIN) 21721
Nombre de persona Ramos Quintana, Margarita Isabel
245 10 - MENCIÓN DE TÍTULO
Título Devaluación salarial en España tras la reforma de 2012
Mención de responsabilidad, etc. Margarita I. Ramos Quintana
500 ## - NOTA GENERAL
Nota general Resumen
650 #4 - ASIENTO SECUNDARIO DE MATERIA--TÉRMINO DE MATERIA
9 (RLIN) 28387
Término de materia o nombre geográfico como elemento inicial salario
650 #4 - ASIENTO SECUNDARIO DE MATERIA--TÉRMINO DE MATERIA
9 (RLIN) 30448
Término de materia o nombre geográfico como elemento inicial salario bajo
650 #4 - ASIENTO SECUNDARIO DE MATERIA--TÉRMINO DE MATERIA
9 (RLIN) 28391
Término de materia o nombre geográfico como elemento inicial política salarial
650 #4 - ASIENTO SECUNDARIO DE MATERIA--TÉRMINO DE MATERIA
9 (RLIN) 28388
Término de materia o nombre geográfico como elemento inicial determinación del salario
650 #4 - ASIENTO SECUNDARIO DE MATERIA--TÉRMINO DE MATERIA
9 (RLIN) 28362
Término de materia o nombre geográfico como elemento inicial negociación colectiva
650 #4 - ASIENTO SECUNDARIO DE MATERIA--TÉRMINO DE MATERIA
9 (RLIN) 29892
Término de materia o nombre geográfico como elemento inicial reforma legislativa
650 #4 - ASIENTO SECUNDARIO DE MATERIA--TÉRMINO DE MATERIA
9 (RLIN) 27166
Término de materia o nombre geográfico como elemento inicial legislación del trabajo
650 #4 - ASIENTO SECUNDARIO DE MATERIA--TÉRMINO DE MATERIA
9 (RLIN) 26964
Término de materia o nombre geográfico como elemento inicial España
650 #4 - ASIENTO SECUNDARIO DE MATERIA--TÉRMINO DE MATERIA
9 (RLIN) 31808
Término de materia o nombre geográfico como elemento inicial 2012
653 10 - TÉRMINO DE INDEXACIÓN--NO CONTROLADO
Término no controlado Relaciones laborales-Empleo
773 0# - ENTRADA DE DOCUMENTO FUENTE
Itemnumber del ítem fuente 81645
Lugar, editor y fecha de publicación Madrid (Príncipe, 5, 28012) Asociación de Cajas de Ahorros para las Relaciones Laborales
Otro identificador del documento 084551
Título Documentación laboral
Número de control del registro relacionado (ES-MaCES)25160
Parte(s) relacionada(s) n. 100 (2014-I) {10142 R. 084551} ;p. 85-100
902 ## - CES. TIPO DE DOCUMENTO
Tipodoc (006$c Sirtex) ART Artículo de revista
942 ## - ELEMENTOS KOHA
Fuente de clasificaión o esquema Clasificación propia del CES
Koha [por defecto] tipo de item Artículos (1982-2017)
Parte de clasificación Relaciones Laborales y Rel. Lab.- Empleo

No hay ítems disponibles.

© CES, Consejo Económico y Social de España 2021